00278nam a22001097a 4500008004100000020001800041041000800059080001500067100000600082101000800088245007200096180920b xxu||||| |||| 00| 0 eng d a9780781716215 aeng 23 EDa615 a5 aSHF aPharmacology Physiology In Anesthesia PracticecStoelting .K.R